Largest American Countries by Area or Population - Statistics

General Stats
  • This quiz has been taken 405 times
    392 since last reset
  • The average score is 11 of 11
Answer Stats
Area Population Country % Correct
9,984,670 36,336,300 Canada
100%
1,964,375 128,632,000 Mexico
100%
9,525,067 324,738,000 United States
100%
2,780,400 43,850,000 Argentina
99%
8,515,767 206,822,000 Brazil
99%
756,102 18,191,900 Chile
98%
1,141,748 48,886,900 Colombia
98%
1,285,216 31,488,700 Peru
98%
916,445 31,028,700 Venezuela
98%
1,098,581 Bolivia
96%
16,606,800 Ecuador
87%
No matching quizzes found
Score Distribution
Percent of People with Each Score
Percentile by Number Answered
Your Score History
You have not taken this quiz since the last reset